| 000 | 00476nam a2200169Ia 4500 | ||
|---|---|---|---|
| 999 |
_c36662 _d36662 |
||
| 003 | OSt | ||
| 005 | 20210112160611.0 | ||
| 008 | 190216s9999||||xx |||||||||||||| ||und|| | ||
| 040 | _coclc | ||
| 082 |
_a291.13 _bMOO/G |
||
| 100 |
_aMoozhoor, Z M _98300 |
||
| 245 | 0 |
_aGreek Purana Kathasagaram / _cZ M Moozhoor |
|
| 260 |
_bCurrent Books, _c1991. _aKottayam: |
||
| 300 | _a998p | ||
| 650 | _aMalayalam | ||
| 942 |
_cREF _2ddc _h291.13 _iMOO/G _k291.13 _mMOO/G |
||